Vida virtuosa como realización de la vida humana en el pensamiento anglosajón: G.E.M Anscombe y A. CH. Macintyre

Saved in:
Bibliografiske detaljer
Hovedforfatter: Pardo Manrique, Román Ángel (autor)
Format: Bog
Sprog:spansk
Udgivet: Salamanca Universidad Pontificia de Salamanca. Facultad de Teología 2008
Fag:
Tags: Tilføj Tag
Ingen Tags, Vær først til at tagge denne postø!

MARC

LEADER 00000nam a2200000 a 4500
001 UCH1211
003 CL-VaPUC
005 20250227153810.0
008 090409e20080000SP |||||||||||||||||spa|d
999 |c 333273  |d 333271 
020 |a 9788472997936 
040 |c Pontificia Universidad Católica de Valparaíso 
082 0 4 |a 291.5  |b PAR  |2 21 
100 |a Pardo Manrique, Román Ángel  |e autor  |9 535601 
245 1 0 |a Vida virtuosa como realización de la vida humana en el pensamiento anglosajón: G.E.M Anscombe y A. CH. Macintyre 
260 |a Salamanca  |b Universidad Pontificia de Salamanca. Facultad de Teología  |c 2008 
300 |a 118 p 
583 |a last modification  |c 20090409 00:00:00  |k Rodrigo Vera 
600 0 7 |a Anscombe, Elizabeth  |d 1919-2001  |x Crítica e interpretación  |9 880445 
600 0 7 |a MacIntyre, Alasdair Ch.  |d 1929-  |x Crítica e interpretación  |9 880447 
650 0 |a Teología moral   |9 256617 
650 0 |a Virtud  |9 315987 
650 0 |a Vida religiosa  |9 257284 
942 |c BK  |2 ddc 
945 |d 20090409 00:00:00  |a dcastane 
952 |0 0  |1 0  |4 0  |6 291_500000000000000_PAR_2008  |7 0  |8 A  |9 421538  |a BIBTEO  |b BIBTEO  |d 2019-11-22  |i 4537025  |o 291.5 PAR 2008  |p 4537025  |r 2024-01-18  |w 2019-11-22  |y BK  |k ICR